Využitie modelu hodnotenia spokojnosti v podmienkach súkromného zdravotníckeho zariadenia

Na minha lista:
Detalhes bibliográficos
Autor principal: Bosáková, Lucia
Formato: Capítulo de Livro
Idioma:eslovaco
Assuntos:
Tags: Adicionar Tag
Sem tags, seja o primeiro a adicionar uma tag!

MARC

LEADER 00000nla$a2200000$$$4500
001 0146997
005 20240605075131.5
041 0 |a slo 
044 |a SK 
245 1 0 |a Využitie modelu hodnotenia spokojnosti v podmienkach súkromného zdravotníckeho zariadenia  |c Lucia Bosáková 
500 |a Abstrakt 
610 2 0 |a zdravotníctvo 
610 2 0 |a zariadenia zdravotnícke 
610 2 0 |a zamestnanci 
610 2 0 |a spokojnosť v práci 
610 2 0 |a motivácia pracovná 
610 2 0 |a modely 
100 1 |a Bosáková, Lucia